| 000 | 00888nam a22002537a 4500 | ||
|---|---|---|---|
| 005 | 20170123162339.0 | ||
| 010 | _a940941 | ||
| 020 | _c25.00 | ||
| 035 | _a940941 | ||
| 037 | _bCen Lib/Ret | ||
| 040 |
_aDPL _bUR |
||
| 082 |
_a801.9 _bر ش ی |
||
| 100 |
_aرشید حسن خان _9506 |
||
| 245 |
_aادبی تحقیق : _cرشید حسن خان _bمسائل اور تجزیہ / |
||
| 246 |
_aAdabi tahqeeq : masail aur tajzeez / _bby Rasheed Hasan Khan |
||
| 260 |
_aعلیگڑھ _bایجوکیشنل بک ہوس _c1978 |
||
| 270 |
_bعلیگڑھ _aمسلم یونیورسٹی مارکیٹ _e202001 |
||
| 300 |
_a352p. _c21cm(Hb) |
||
| 650 |
_a ادب - اردو _9126311 |
||
| 650 |
_aاردو ادبی تحقیق _9482 |
||
| 650 |
_aLiterature -- Urdu _9126312 |
||
| 650 |
_aUrdu Literature Research _9126313 |
||
| 942 |
_2ddc _cUR _h801.9 _mر ش ی |
||
| 999 |
_c108385 _d108385 |
||